[Event "Tata Steel-A 79th"]
[Site "Wijk aan Zee"]
[Date "2017.01.27"]
[Round "11"]
[White "Wojtaszek, Radoslaw"]
[Black "Aronian, Levon"]
[Result "1/2-1/2"]
[WhiteElo "2750"]
[BlackElo "2780"]
[Annotator "Marin,M"]
[PlyCount "111"]
[EventDate "2017.01.14"]
[EventType "tourn"]
[EventRounds "13"]
[EventCountry "NED"]
[EventCategory "21"]
[SourceTitle "CBM 177"]
[Source "ChessBase"]
[SourceDate "2017.03.16"]
[SourceVersion "1"]
[SourceVersionDate "2017.03.16"]
[SourceQuality "1"]

1. d4 d5 2. c4 c6 3. Nf3 Nf6 4. Nc3 dxc4 5. a4 Bf5 6. e3 e6 7. Bxc4 Bb4 8. O-O
O-O 9. Qe2 Nbd7 10. e4 Bg6 11. Bd3 Bh5 12. e5 {BY classical standards defining
the central situation now is slightly premature.} ({The old main line (which
still remains valid) goes} 12. Bf4 Re8 {[%cal Ge6e5] Threatening ...e6-e5.} 13.
e5 Nd5 14. Nxd5 cxd5 15. Qe3 {Optically this looks more harmonious than the
modern continuation played in the game, but White has a very concrete idea in
mind about how to use his undeveloped bishop.}) 12... Nd5 13. Nxd5 cxd5 14. Qe3
Re8 {This is connected with two possible ideas. Black could meet Ng5 with
either ...Nf8 or ...Bg6 and if Bxg6 then ...fxg6.} ({The main alternative is} 
14... Be7 {also directed against Ng5 and covered by several commentators:} 15.
Ng5 (15. Bd2 Nb8 16. Ne1 (16. a5 a6 17. Rfc1 Nc6 {Vachier Lagrave,M (2715)
-Wang,H (2731) Wijk aan Zee 2011 CBM 141 [Postny,E] (½-½, 37)}) 16... Bg6 17.
f4 Nc6 {Sasikiran,K (2681)-Wang,Y (2709) Ningbo 2011 CBM 144 [Ftacnik,L] (0-1,
47)}) 15... Bxg5 16. Qxg5 Bg6 17. Be2 (17. Bxg6 fxg6 18. a5 Nb8 19. Qxd8 Rxd8
20. Be3 Rc8 21. Rfc1 Nc6 {L'Ami,E (2606)-Bailet,P (2496) Cappelle-la-Grande
2015 EXT 2016 [RR] (½-½, 31)}) 17... Nb8 (17... Qxg5 18. Bxg5 Nb8 19. a5 Nc6
20. Be3 {Cheparinov,I (2696)-Akopian,V (2679) Elista 2008 CBM 128 [Postny,E] 
(1-0, 59)}) 18. Qxd8 Rxd8 19. Bd2 Nc6 20. Bc3 Rac8 (20... f6 21. f4 {
Harikrishna,P (2659)-Bu,X (2714) China 2008 EXT 2017 [Avrukh,B/Primel,D] 
(½-½, 70)}) 21. a5 a6 22. h4 h5 {Gajewski,G (2568)-Miton,K (2629) Katowice
2010 EXT 2016 [RR] (½-½, 31)}) ({The need to deal with the threat Ng5 was
revealed in an old game of one of the greatest ever Slav specialists:} 14...
Qe7 $2 15. Ng5 h6 16. Qh3 g6 17. g4 $18 {Gligoric,S-Smyslov,V Kiev 1959 MCL 
[Notkin] (1-0, 31)}) 15. Bd2 {This is one of the main ideas of White's system.
White immediately starts the fight against the blockade on b4.} ({White could
also start using his knight for this purpose, which also causes Black some
micro problems:} 15. Ne1 Bg6 16. Bxg6 hxg6 17. Nd3 Qb6 (17... Be7 {Berry,N 
(2225)-Collins,S (2490) Lisbon 2014 (½-½, 41)}) 18. Nxb4 Qxb4 19. b3 Rac8 20.
Ba3 Qc3 21. Rac1 Qxe3 22. fxe3 f6 23. Bd6 a5 (23... g5 24. h3 {Anand,V (2783)
-Kramnik,V (2772) Bonn 2008 CBM 127 [Rogozenco,D] (½-½, 37)}) 24. Bc7 fxe5
25. dxe5 b6 26. Rc3 {Ivanchuk,V (2779)-Anand,V (2791) Linares 2009 CBM 129 
[Rogozenco,D] (½-½, 65)}) (15. Ng5 Bg6 (15... Nf8 16. Nxh7 Nxh7 17. Bxh7+
Kxh7 18. Qh3 g6 19. g4 Rh8 20. gxh5 Kg8 21. h6 Be7 22. Qg4 {Borovikov,V (2558)
-Mirzoev,A (2519) Hyderabad 2013 (1-0, 37)}) 16. Bxg6 fxg6 17. Qd3 Qb6 18. Be3
Rac8 19. h4 Nf8 {L'Ami,E (2614)-Nyback,T (2608) Germany 2015 (½-½, 75)})
15... Qa5 (15... Qe7 {may simply transpose.} 16. Bxb4 ({Actually White could
more or less force a transposition to the game with} 16. Ne1) 16... Qxb4 17.
Qd2 Qe7 {This may be a small concession.} (17... Qxd2 {transposes to the main
game.}) 18. Ne1 Rac8 19. Nc2 Bg6 20. Bxg6 fxg6 21. Rfc1 Rc7 22. Na3 Rxc1+ 23.
Rxc1 Nb8 24. Nb5 Nc6 25. Nd6 Rf8 26. g3 {L'Ami,E (2605)-Brunello,S (2540)
Reykjavik 2015 CBM 166 [Sagar Shah] (1-0, 60), With a lasting endgame
advantage.}) (15... Be7 {looks a bit passive.} 16. Rfc1 a6 17. Ng5 {Kramnik,V 
(2790)-Aronian,L (2783) Shanghai 2010 CBM 138 [CB] (½-½, 38)}) 16. Qe1 Bxd2
17. Qxd2 Qxd2 ({Just as ...Bb4-e7 above, this looks like a counter-developing
move.} 17... Qd8 18. Ng5 Bg6 19. Bxg6 (19. Be2 Nb8 20. a5 Nc6 21. f4 Rc8 {
Kasimdzhanov,R (2700)-Nyback,T (2591) Tromsoe 2014 (½-½, 48)}) 19... fxg6 20.
f4 Rc8 21. Rac1 Qb6 22. a5 {Aronian,L (2805)-Nakamura,H (2787) Saint Louis
2014 CBM 162 [Finegold,B] (½-½, 40)}) 18. Nxd2 {The centre is blocked, Black
has exchanged two minor pieces, thus solving his problems of coordination, his
bishop is outside the pawn chain and yet White retains (at least) a symbolic
advantage. Space is an important factor, of course, and the black bishop is
not completely absolved of the danger of becoming "bad" yet. Besides, Black
needs some time for recycling his knight.} Nb8 19. Rfc1 $146 {This is more
natural than the rather contorted way of defending d4:} (19. a5 Nc6 20. Ra4
Rec8 21. Rc1 Ne7 22. Raa1 Nc6 23. Ra4 Ne7 24. Raa1 Nc6 {½-½ Roiz,M (2605)
-Radjabov,T (2696) Novi Sad 2016}) 19... Nc6 20. Bb5 {The knight just arrived
on c6 and White puts it under pressure immediately.} Reb8 {Black obstinately
takes measures against the exchange on c6, preparing his counterplay along the
b-file. But if White refrains from Bxc6 the rooks will look weird on a8 and b8.
} ({The complications ensuing after} 20... Nxd4 $6 {favour White:} 21. Bxe8
Ne2+ 22. Kf1 Nxc1 23. Bxf7+ Bxf7 24. Rxc1 Be8 {Hoping to gain a tempo for
defending the c-file with ...Bc6.} 25. Rc7 Bxa4 26. Rxb7 $14 {White's rook is
more active and Black's king is more vulnerable. The d-pawn only partly
compensates for these minuses.}) ({But the natural} 20... Rec8 {may be better.}
21. Bxc6 ({If} 21. Nb3 {Black can already start neutralising the pressure
along the c-file with} Ne7 {The knight not only allows general exchanges along
the c-file but is also ready to go to f5 if the b3-knight abandons the defence
of the d4-pawn.}) 21... Rxc6 (21... bxc6 {may offer White a small plus:} 22. b4
Bg6 23. Ra3 Rab8 24. Rb3 {[%csl Gc5,Gc6]}) 22. Rxc6 bxc6 23. Ra3 {Preparing to
meet ...Rb8 with Rb3, when the rook exchange would yield a stable advantage
with a good knight against an already bad bishop.} ({If} 23. b4 Rb8 24. Rb1 {
White does not have a second rook to increase the pressure with Rc5-a5.}) 23...
Bd1 24. f3 Rb8 25. Ra1 Bb3 (25... Bc2 26. b3 $1 {soon forces the bishop into
retreating passively.}) 26. a5 g5 {and it is not obvious how White could make
progress.}) 21. Nb3 (21. Bxc6 $6 bxc6 22. b3 Rb4 $15 {[%csl Gd4]}) 21... a6 {
Aronian intends freeing the b8-rook in order to prepare ...f7-f6. Actually
White does not threaten much on the queenside, as his knight is immobile and
Bxc6 is not really a threat. Therefore he could have also considered a static
approach.} (21... g5 22. Rc3 Bg6 23. Rd1 Kg7 24. Nc5 Ne7 25. f4 g4 26. Be2 h5 {
True it is not easy deciding upon such a variation where only White can try.})
22. Bf1 (22. Bxc6 bxc6 23. Nc5 Rb4 $1 {[%csl Gd4]} ({Black does not need to
fall into the trap} 23... Rxb2 $6 24. Rcb1 {[%csl Ga6]} Rxb1+ (24... Rd2 25.
Nxa6 Rxd4 26. Nc7 {[%cal Ga4a5]}) 25. Rxb1 {with serious problems for Black.}))
22... Rf8 {Black prepares the thematic break but this will not solve all his
problems as he will still have two pawns blocked on light squares. But there
is no clear way to complete equality.} (22... Rc8 23. Rc3 Ne7 24. Rac1 Rxc3 25.
Rxc3 $14 Rc8 $2 26. Rxc8+ Nxc8 27. Nc5 $18) (22... f6 23. exf6 gxf6 24. Rc3 Re8
25. f3 Re7 26. Rd1 Bf7 27. f4 $14) 23. f3 f6 24. exf6 Rxf6 25. Rc3 g5 {Black
takes measures against White's kingside expansion, but there was no hurry with
it.} ({The multi purpose move} 25... Be8 $5 {deserves attention. Black over
defends the knight avoiding the Nxa6 issue and prepares to attack a4.} 26. a5 (
{If} 26. Rd1 b6 {followed at some point by ...Ne7 or ...Nb4.}) 26... Rc8 27. h4
Rc7 {[%cal Gc7e7] Black has many pawns blocked on light squares but White's
pawns on d4 and a5 need permanent care. It is far from clear if White can make
progress.}) 26. Rd1 Rf4 {Trying to keep the b3-knight immobile.} 27. Be2 $1 {
[%csl Gf3][%cal Gg2g3]} Bg6 28. g3 Rf7 29. Nc5 $14 {It has become clear now
that White has enduring pressure.} Re7 30. Rd2 {Wojtaszek treats the position
in the classical style, strengthening his position without taking concrete
actions yet.} (30. Nxa6 {would have led to interesting complications:} e5 (
30... Nxd4 $6 31. Rxd4 bxa6 32. a5 Rb8 33. b4 Reb7 34. Bxa6 Rxb4 35. Rxb4 Rxb4
36. Ra3 {is very dangerous for Black.}) 31. dxe5 d4 $1 32. Rxc6 $1 (32. Rc5 $2
d3 $17 {[%csl Ga6]}) (32. Bc4+ $2 Kh8 33. Rcc1 Nxe5 $17 {[%csl Ga6,Gf3]}) 32...
bxc6 33. Bc4+ Kg7 34. f4 Bf7 35. Bf1 gxf4 36. gxf4 Rb7 37. Rd2 Bd5 38. Bd3 $14
{[%csl Gc5,Ge5,Gf4] With great compensation for the exchange.}) 30... a5 31.
Bb5 Na7 32. Re2 ({Another interesting variation was} 32. Bd7 b6 $1 (32... Bf7
$2 {is too passive:} 33. Rb3 Rb8 34. Rb6 $16) 33. Bxe6+ Kh8 34. Bxd5 Rd8 35.
Be4 bxc5 36. Bxg6 hxg6 37. Rxc5 {White will have many pawns for the knight but
his structure is imperfect so Black should hold a draw.}) 32... Rc8 33. Rce3 b6
34. Nxe6 Nxb5 35. axb5 Rc1+ 36. Kf2 {Black's active rook and the weakness on
b5 should offer at least reasonable compensation for the pawn.} Rh1 (36... h6
37. h4 $1 gxh4 38. gxh4 $16 {[%cal Ge6f4]}) 37. Kg2 Rb1 $6 ({It would have
been better attacking d4, as this would retrict the knight's mobility.} 37...
Rd1 38. Re5 Bd3 39. Rxg5+ (39. R2e3 h6 40. Rxd5 Bc4 41. Rd8+ Kf7 42. Rf8+ Kg6
43. Nf4+ Kg7 44. Rxe7+ Kxf8 45. Ng6+ Kg8 {also looks close to a draw.}) 39...
Kf7 40. Nd8+ Ke8 41. Rxe7+ Kxe7 42. Nc6+ Kd6 43. Rh5 Bf1+ 44. Kf2 Bxb5 45. Rh6+
Kc7 46. Ne5 Rxd4 47. Rxh7+ Kd6 48. f4 Rd2+ 49. Kf3 Rxb2 {With very sharp play
where Black's chances are not worse since his a-pawn is fast.}) 38. Re5 {
Now this is stronger than in the line above.} Bd3 39. Rd2 Bf1+ (39... Bxb5 40.
Rxg5+ Kf7 41. Nf4) 40. Kf2 h6 {White has defended most of his pawns but
Aroni9an might have counted on winning the b5-pawn. But suddenly White starts
a kingside attack, not leaving Black the time to breathe.} 41. f4 $1 Bh3 (41...
gxf4 42. Nxf4 Rxe5 43. dxe5 Bc4 44. Kf3 Re1 45. Nxd5 Rxe5 46. Nc3 Bxb5 47. Rd6
$16) (41... Bxb5 42. fxg5 $16) 42. Nd8 Kf8 43. Rxe7 $6 {Exchanging the
centralised rook is a concession.} (43. Nc6 {would have consolidated White's
advantage:} Re8 44. Kf3 $5 $16 {[%cal Gg3g4,Rb1f1,Gd2f2]}) 43... Kxe7 44. Nc6+
Kf6 45. fxg5+ hxg5 $14 {Black has activated his play and is ready to restart
the attack against b5.} 46. Ne5 Bf1 47. Nd7+ {This grabs a pawn but causes
White to losing his coordination and more or less leads to a draw.} ({He could
have continued with his kingside attack, ofering better chances to keep some
pressure:} 47. Kf3 $5 Bxb5 48. Rf2 Kf5 (48... Rf1 $2 49. Rxf1 Bxf1 50. Nd7+ Kf5
51. Nxb6 $18 {Without rooks Black cannot generate counterplay anymore.}) 49.
Ke3+ Ke6 50. Nf7 g4 51. Nh6 Re1+ 52. Kf4 Re4+ 53. Kg5 Be2 {[%csl Gg4]} 54. Ng8
{Since the e2-bishop is hanging it is better to keep the enemy rook stuck on
e4 for one more move in order to activate the knight.} (54. Rf6+ Kd7 55. Rf4 a4
56. Rxe4 dxe4 57. Nxg4 Bxg4 58. Kxg4 b5 59. h4 b4 60. h5 a3 61. bxa3 bxa3 62.
h6 a2 63. h7 a1=Q 64. h8=Q Qd1+ {with a draw.}) 54... Bd1 55. Rf6+ Kd7 56. Rxb6
Rxd4 57. Nf6+ Kc7 58. Rb5 Kc6 59. Rxa5 Rd2 {Due to the reduced material on
board the most probable result is a draw.}) 47... Ke6 48. Nxb6 Bxb5 49. Rc2 a4
({Restricting the king with} 49... g4 {would have led to the same result, but
possibly in a simpler way:} 50. Nxd5 (50. Ke3 Re1+ 51. Kf4 Re4+ 52. Kg5 Rxd4
$11) 50... Kxd5 51. Rc5+ Kxd4 52. Rxb5 Rh1 53. Kg2 Rc1 54. Rxa5 Rc2+ 55. Kg1
Rc1+ {with an obvious draw.}) 50. Kf3 Be8 51. Re2+ Kf7 52. Nc8 Kf8 53. Rf2 (53.
Nd6 Bd7 $11) 53... Bh5+ 54. Ke3+ Kg7 55. Nd6 a3 $1 {Forcing a draw.} 56. bxa3 (
56. bxa3 Rb3+ 57. Kd2 Rb2+ 58. Ke3 Rb3+) 1/2-1/2

[Event "WchT 8th"]
[Site "Ningbo"]
[Date "2011.07.21"]
[Round "5.3"]
[White "Li, Chao B"]
[Black "Akopian, Vladimir Eduardovic"]
[Result "1/2-1/2"]
[WhiteElo "2669"]
[BlackElo "2667"]
[Annotator "Marin,M"]
[PlyCount "52"]
[EventDate "2011.07.17"]
[EventType "team-tourn"]
[EventRounds "9"]
[EventCountry "CHN"]
[SourceTitle "CBM 144"]
[Source "ChessBase"]
[SourceDate "2011.09.16"]
[SourceVersion "1"]
[SourceVersionDate "2011.09.16"]
[SourceQuality "1"]
[WhiteTeam "China"]
[BlackTeam "Armenia"]
[WhiteTeamCountry "CHN"]
[BlackTeamCountry "ARM"]

1. d4 d5 2. c4 c6 3. Nf3 Nf6 4. Nc3 dxc4 5. a4 Bf5 6. e3 e6 7. Bxc4 Nbd7 8. O-O
Bb4 9. Qe2 O-O 10. e4 Bg6 11. Bd3 c5 12. Na2 {Not the main line.} ({Most of
the games continue with} 12. e5) 12... Ba5 13. Bg5 Qb8 $5 $146 {Preparing a
surprising queen activation.} (13... Qb6 {has been previously played.}) 14.
Bxf6 gxf6 15. Bb5 Rd8 16. Bxd7 Rxd7 17. dxc5 (17. Qb5 {is premature in view of}
Qd8 18. dxc5 Bxe4 $17) 17... Qf4 $1 18. Qb5 {Did Black miss thos double attack?
} Bxe4 $1 {Not really.} 19. Qxd7 Rd8 $1 {An important intermediate move.} (
19... Bxf3 20. Qd6 $1 (20. Qd3 Bc7 21. g3 Qg4 $44) 20... e5 21. Qd3 $16) 20.
Qb5 Bxf3 21. gxf3 (21. Qb3 Bc7 $1 22. g3 Qf5 {/\... Rd3, ...Qh3} 23. Qe3 Rd3
24. Qh6 Bf4 $1 25. Qh4 (25. Qxf4 Qh3) 25... Bg5 $19) 21... Qxf3 22. Qxa5 $1 (
22. Rfc1 $2 Rd5 $40) 22... Qg4+ (22... Rd5 23. Qc7 $1 Rg5+ 24. Qg3 $16) 23. Kh1
Qf3+ 24. Kg1 Qg4+ 25. Kh1 Qf3+ 26. Kg1 Qg4+ 1/2-1/2

[Event "Metz op 31th"]
[Site "Metz"]
[Date "2013.04.21"]
[Round "2"]
[White "Wirig, Anthony"]
[Black "Svetushkin, Dmitry"]
[Result "1-0"]
[WhiteElo "2481"]
[BlackElo "2588"]
[Annotator "Metz Alekhine/Primel,D"]
[PlyCount "103"]
[EventDate "2013.04.20"]
[EventType "swiss"]
[EventRounds "9"]
[EventCountry "FRA"]
[SourceTitle "EXT 2016"]
[Source "ChessBase"]
[SourceDate "2015.10.08"]
[SourceVersion "1"]
[SourceVersionDate "2015.10.08"]
[SourceQuality "1"]
[TimeControl "40/5400:1800+30"]
[WhiteClock "1:30:00"]
[BlackClock "1:30:00"]

1. d4 d5 2. c4 c6 3. Nf3 Nf6 4. Nc3 dxc4 5. a4 Bf5 6. e3 e6 7. Bxc4 Bb4 8. O-O
O-O 9. Qe2 Bg4 (9... Nbd7) 10. h3 Bh5 11. Rd1 {[%cal Gd1d8]} Nbd7 12. e4 h6 $5
{Une ligne secondaire mais utilisée plusieurs fois par le moldave et le
français devait s'y être préparé} (12... Qe7) (12... Qa5) 13. Bf4 (13. e5
Nd5 {Nyback,T (2644)-Svetushkin,D (2593) FRA-chT Top 16 GpB 2009 (1) 0-1}) (13.
Na2 Ba5 14. Bf4 Bc7 15. Qe3 Bxf4 $11 {Kallai,G (2462)-Svetushkin,D (2593)
FRA-chT Top 16 GpB 2009 (2) 0-1}) 13... Re8 {Le moldave avait gagné sa partie
et il répète les coups mais au risque d'une amélioration adverse} 14. g4 $1
$146 (14. Qe3 $6 Nd5 $1 $132 {[%cal Ge8e3,Gd5f4,Gd5e3,Ge6d5];Kallai,G (2462)
-Svetushkin,D (2593) FRA-chT Top 16 GpB 2009 (2) 0-1}) 14... Bg6 15. Bd3 (15.
Ne5 Nxe5 16. dxe5 Nd7 17. Rd6 $5 Bxd6 18. exd6) 15... Rc8 {[%cal Gc6c5]} (15...
Qe7) 16. Rac1 $14 {Les Blancs gardent un petit avantage d'espace et un centre
fort} a6 $6 {Un coup pas trés utile mais les Noirs doivent se libérer par le
levier c6c5} 17. Kg2 Ba5 18. Nb1 $5 {[%csl Gc5]} Bc7 19. e5 Nd5 20. Bg3 Bxd3
21. Qxd3 c5 22. dxc5 Bb8 23. c6 $1 {[%csl Ra6]} Nf8 24. Nc3 Rxc6 25. Nxd5 Qxd5
26. Qxd5 exd5 27. Rxc6 bxc6 28. Rc1 $36 (28. Nd4 $5 Bxe5 29. Re1 f6 30. f4 c5
31. Nf5 $40) 28... Rc8 29. Nd4 c5 30. Nf5 Rd8 $2 {Surestimant la force du P
passé} (30... Ng6 $142 {[%csl Ge7][%cal Gg8f8]} 31. f4 {[%cal Gh3h4,Gh4h5]}
Kf8 32. h4 Ba7 {[%cal Ga7c5,Gc5c4]} (32... Ke8 33. h5 Ne7) 33. h5 (33. Kf3)
33... Ne7 34. Bf2) 31. Rxc5 d4 32. Rd5 $1 {La pointe oubliée par les Noirs
lorsqu'ils ont sacrifié le Pc5} Rxd5 33. Ne7+ {Il y a non seulement une
fourchette mais le Kh7 sera également mal placé en finale} Kh7 34. Nxd5 Nd7
35. Nb4 (35. f4 g5 (35... Kg6 $4 36. f5+ Kh7 37. e6)) 35... Bxe5 36. Bxe5 Nxe5
37. f4 (37. Nxa6 $142 {[%csl Ga4] En finale de N, le P"a" est le pire ennemi
du N}) 37... Nc4 {(=)} 38. Nd3 {Les Blancs ont un gros avantage et refuser la
proposition n'est pas une surprise} a5 39. Kf3 (39. b4 $2 axb4 40. Nxb4 Nb2 41.
a5 d3) 39... Nd2+ 40. Ke2 Nb3 41. Kd1 h5 42. Kc2 Na1+ 43. Kb1 Nb3 44. Ka2 {
[%csl Ga2,Rh7] Gagnant un tempo important sur le N pour venir soutenir la
poussée b4} Nd2 45. b4 $1 {[%csl Ga4]} axb4 46. Nxb4 hxg4 47. hxg4 Nc4 48. Nd3
$18 {[%cal Gd3f4,Ga2a3,Ga3b4]} Kg6 49. Kb3 Ne3 50. a5 Kf6 51. Nb4 Ke6 52. a6
1-0